000 00586nam a22002057a 4500
003 OSt
005 20210414104701.0
008 210307s1965 ||||| |||| 00| 0 eng d
040 _aeng
_beng
_cDLC
041 _aeng
080 _a821.111
_bS-38
100 _91293
_aSchulz, M. Charles
245 _aFun with Peanuts
_c/ by: A Fawcett Crest Book
260 _aGreenwich, Conn.
_bA Fawcett Crest Book
_c1965
300 _a127 p.
_bill.
365 _b0.4 usd
650 0 _9254
_aEnglish literature
653 _aინგლისური ლიტერატურა
942 _2udc
_cBK
999 _c2028
_d2028